Biblioteca Fatec Adamantina

Comentários ao Código de Defesa do Consumidor / (Registro n. 833)

Detalhes MARC
000 -LEADER
fixed length control field 00926nam a22003017a 4500
003 - CONTROL NUMBER IDENTIFIER
control field OSt
005 - DATE AND TIME OF LATEST TRANSACTION
control field 20260423154924.0
007 - PHYSICAL DESCRIPTION FIXED FIELD--GENERAL INFORMATION
fixed length control field ta
008 - FIXED-LENGTH DATA ELEMENTS--GENERAL INFORMATION
fixed length control field 260423b bl ||||| |||| 00| 0 por d
020 ## - INTERNATIONAL STANDARD BOOK NUMBER
International Standard Book Number 9788520362228
Qualifying information (broch.)
040 ## - CATALOGING SOURCE
Language of cataloging por
Transcribing agency OSt
041 0# - LANGUAGE CODE
Language code of text/sound track or separate title por
Language code of original por
082 ## - DEWEY DECIMAL CLASSIFICATION NUMBER
Classification number 342.5
Item number M357c
100 1# - MAIN ENTRY--PERSONAL NAME
Personal name Marques, Claudia Lima
9 (RLIN) 1138
210 ## - ABBREVIATED TITLE
Source Comentários ao Código de Defesa do Consumidor
245 10 - TITLE STATEMENT
Title Comentários ao Código de Defesa do Consumidor /
250 ## - EDITION STATEMENT
Edition statement 5. ed.
260 ## - PUBLICATION, DISTRIBUTION, ETC.
Place of publication, distribution, etc. São Paulo :
Name of publisher, distributor, etc. Editora Revista dos Tribunais,
Date of publication, distribution, etc. 2016.
300 ## - PHYSICAL DESCRIPTION
Extent 2318 p. :
Dimensions 24 cm
500 ## - GENERAL NOTE
General note Inclui versão eletrônica do livro
504 ## - BIBLIOGRAPHY, ETC. NOTE
Bibliography, etc. note Bibliografia: p. 2265-2315
650 04 - SUBJECT ADDED ENTRY--TOPICAL TERM
Topical term or geographic name entry element Consumidores
650 04 - SUBJECT ADDED ENTRY--TOPICAL TERM
Topical term or geographic name entry element Leis e legislação
650 04 - SUBJECT ADDED ENTRY--TOPICAL TERM
Topical term or geographic name entry element Brasil
700 1# - ADDED ENTRY--PERSONAL NAME
Personal name Benjamin, Antonio Herman V.
Dates associated with a name 1957-
Fuller form of name (Antonio Herman de Vasconcellos e)
9 (RLIN) 1139
700 1# - ADDED ENTRY--PERSONAL NAME
Personal name Miragem, Bruno
9 (RLIN) 1140
942 ## - ADDED ENTRY ELEMENTS (KOHA)
Source of classification or shelving scheme Dewey Decimal Classification
Koha item type LIVRO
Suppress in OPAC No
Exemplares
Withdrawn status Lost status Source of classification or shelving scheme Damaged status Not for loan Home library Current library Date acquired Total checkouts Full call number Barcode Date last seen Copy number Price effective from Koha item type
    Dewey Decimal Classification     Biblioteca Fatec Adamantina Biblioteca Fatec Adamantina 23.04.2026   342.5 - M357c 2026-0120 23.04.2026 ex.1 23.04.2026 LIVRO
    Dewey Decimal Classification     Biblioteca Fatec Adamantina Biblioteca Fatec Adamantina 23.04.2026   342.5 - M357c 2026-0121 23.04.2026 ex.2 23.04.2026 LIVRO

Para mais informações envie um e-mail para [email protected].